Early Christian and Byzantine art (Record no. 40605)

MARC details
000 -LEADER
fixed length control field 00501nam a2200145 a 4500
008 - FIXED-LENGTH DATA ELEMENTS--GENERAL INFORMATION
fixed length control field 120416s1979 ||||||||||||||||| || u
050 ## - LIBRARY OF CONGRESS CALL NUMBER
Classification number N 7832 Bec
100 ## - MAIN ENTRY--PERSONAL NAME
Personal name Beckwith, John
245 10 - TITLE STATEMENT
Title Early Christian and Byzantine art
250 ## - EDITION STATEMENT
Edition statement 2nd ed.
260 ## - PUBLICATION, DISTRIBUTION, ETC.
Place of publication, distribution, etc. Harmondsworth Eng.
Name of publisher, distributor, etc. Penguin
Date of publication, distribution, etc. 1979
300 ## - PHYSICAL DESCRIPTION
Extent 405p. : ill.
350 ## - PRICE (NR) (BK AM CF MU VM SE) [OBSOLETE]
Price 0.00
995 ## - RECOMMENDATION 995 [LOCAL, UNIMARC FRANCE]
-- 0.00
-- CBU-MAIN LIBRARY (Kitwe)
-- 1
-- 0.00
-- 1
-- AVAILABLE
-- Main Library Open Access Collection
Holdings
Withdrawn status Lost status Source of classification or shelving scheme Damaged status Not for loan Home library Current library Shelving location Date acquired Total Checkouts Full call number Barcode Date last seen Price effective from Koha item type
          CBU-MAIN LIBRARY, KITWE. CBU-MAIN LIBRARY, KITWE.   11/30/2022   N 7832 Bec 009799 11/30/2022 11/30/2022 MONOGRAPH